| 000 | 00600cam a22002053a 4500 | ||
|---|---|---|---|
| 001 | 39309 | ||
| 003 | PGUSA | ||
| 005 | 20140828083855.0 | ||
| 008 | 120329s2012||||xxu|||||s|||||000 | eng d | ||
| 040 |
_aPGUSA _beng |
||
| 042 | _adc | ||
| 100 | 1 | _aAlexander, Arch. | |
| 245 | 1 | 0 |
_aOne Day at a Time ; _band, Other Talks on Life and Religion _h[electronic resource] / _cArch. Alexander |
| 260 |
_bProject Gutenberg, _c2012 |
||
| 506 | _aPublic domain in the USA. | ||
| 516 | _aElectronic text | ||
| 830 | 0 |
_aProject Gutenberg _v39309 |
|
| 856 | 4 | 0 | _uhttp://www.gutenberg.org/ebooks/39309 |
| 942 | _cEB | ||
| 999 |
_c268562 _d268562 |
||